Statistics for Land Birds of New Zealand

Click here to take the quiz!

General Stats

  • This quiz has been taken 69 times
  • The average score is 19 of 45

Answer Stats

HintPopulation StatusAnswer% Correct
Large & flightless~15.000 birds, vulnerableEndemicGreat Spotted Kiwi
93%
Large & flightless~1650 birds, endangeredEndemicLittle Spotted Kiwi
93%
Large & flightless~25.000 birds, vulnerableEndemicNorth Island Brown Kiwi
93%
Large & flightless~30.000 birds, vulnerableEndemicSouthern Tokoeka
93%
Larger than a pigeon<10.000 birds, vulnerableEndemicKākā
91%
Large & flightless~375 birds, crit.endangeredEndemicOkarito Brown Kiwi
91%
Large & flightless~130 birds, crit.endangeredEndemicKakapo / Kākāpō
87%
Larger than a pigeon~6000 birds, endangeredEndemicKea
87%
Large & flightless~275 birds, crit.endangeredEndemicTakahē
64%
About blackbird-sizedNot threatenedEndemicTui / Tūī
64%
Larger than a pigeonNot threatenedEndemicNew Zealand Pigeon / Kereru
58%
Larger than a pigeonNot threatenedNativePūkeko
58%
Large & flightlessThreatenedEndemicWeka
56%
Smaller than a sparrowNot threatenedNativeFantail / Piwakawaka
53%
Sparrow- to blackbirdNot threatenedEndemicNew Zealand Robin / Toutouwai
53%
Sparrow- to blackbird<10.000 birds, threatenedEndemicYellow-Crowned Parakeet / Kākāriki
49%
About pigeon-sized~1350 birds, crit.endangeredNativeKōkako
42%
About blackbird-sizedThreatenedEndemicRed-Fronted Parakeet / Kākāriki
40%
About sparrow-sizedNot threatenedEndemicBellbird / Korimako
38%
Larger than a pigeon~2000 birds, vulnerableEndemicBlue Duck / Whio
38%
About pigeon-sizedNot threatenedNativeMorepork / Ruru
38%
Sparrow- to blackbird~7000 birds, vulnerableEndemicNorth Island Saddleback / Tīeke
38%
Smaller than a sparrowNot threatenedEndemicRifleman / Tītīpounamu
38%
Sparrow- to blackbird<2000 birds, endangeredEndemicSouth Island Saddleback / Tīeke
38%
Large & flightlessNot threatenedEndemicParadise Shelduck / Pūtangitangi
36%
Smaller than a sparrowNot threatenedNativeSilvereye / Tauhou
36%
Smaller than a sparrowNot threatenedEndemicGrey Warbler / Riroriro
33%
Smaller than a sparrowNot threatenedEndemicTomtit / Miromiro
33%
About pigeon-sized<8000 birds, vulnerableEndemicNew Zealand Falcon / Kārearea
29%
Larger than a pigeon~2000 birds, endangeredEndemicBrown Teal / Pāteke
27%
Sparrow- to blackbird~1800 birds, endangeredEndemicStitchbird / Hihi
27%
About sparrow-sizedEndangeredEndemicYellowhead / Mohua
27%
Smaller than a sparrowThreatenedEndemicRock Wren / Hurupounamu
22%
About sparrow-sizedThreatenedEndemicWhitehead / Popokotea
22%
Sparrow- to blackbird~500 birds, crit.endangeredEndemicMalherb's parakeet / Kākāriki
20%
About pigeon-sized90-100 birds, crit.endangeredEndemicBlack Stilt / Kakī
16%
Smaller than a sparrowNot threatenedEndemicBrown Creeper / Pīpipi
16%
Sparrow- to blackbirdEndangeredEndemicFernbird / Mātātā
16%
Larger than a pigeonNot threatenedNativeSwamp Harrier / Kahu
16%
About sparrow-sizedNot threatenedNativeWelcome swallow
16%
About blackbird-sizedThreatenedNativePipit / Pīhoihoi
11%
Sparrow- to blackbirdNot threatenedNativeKingfisher / Kotare
9%
About blackbird-sizedThreatenedEndemicLong-Tailed Cuckoo / Koekoeā
7%
About sparrow-sizedNot threatenedNativeShining Cuckoo / Pīpīwharauroa
7%
About pigeon-sizedNot threatenedNativeSpur-Winged Plover
4%

Score Distribution

Percentile by Number Answered

Percent of People with Each Score

Your Score History

You have not taken this quiz